Welcome to CU Library Online Public Access Catalogue (OPAC)

Handbook of Agricultural Economics: (Record no. 9122)

MARC details
000 -LEADER
fixed length control field 00511nam a22001577a 4500
005 - DATE AND TIME OF LATEST TRANSACTION
control field 20260318193427.0
008 - FIXED-LENGTH DATA ELEMENTS--GENERAL INFORMATION
fixed length control field 260318b |||||||| |||| 00| 0 eng d
020 ## - INTERNATIONAL STANDARD BOOK NUMBER
International Standard Book Number 9780444507280
050 ## - LIBRARY OF CONGRESS CALL NUMBER
Classification number HD1415
Item number .H313
245 ## - TITLE STATEMENT
Title Handbook of Agricultural Economics:
Remainder of title Volume 1A-Agricultural Production
Statement of responsibility, etc. Edited by Bruce L. Gardiner & Gordon C. Rausser
260 ## - PUBLICATION, DISTRIBUTION, ETC.
Place of publication, distribution, etc. Amsterdam
Name of publisher, distributor, etc. Elsevier
Date of publication, distribution, etc. 2001
300 ## - PHYSICAL DESCRIPTION
Extent xxi. 741. 52
Other physical details ill.
Dimensions 25cm
700 ## - ADDED ENTRY--PERSONAL NAME
Personal name Gardiner, Bruce L.
700 ## - ADDED ENTRY--PERSONAL NAME
Personal name Rausser, Gordon C.
942 ## - ADDED ENTRY ELEMENTS (KOHA)
Source of classification or shelving scheme Library of Congress Classification
Koha item type Books
Suppress in OPAC No
999 ## -
-- 9122
-- 9122
Holdings
Withdrawn status Lost status Source of classification or shelving scheme Damaged status Not for loan Collection Home library Current library Shelving location Date acquired Total checkouts Full call number Barcode Date last seen Copy number Price effective from Koha item type
    Library of Congress Classification     Non-fiction Business Library (Miotso) Business Library (Miotso) General stacks 03/18/2026   HD1415 .H313 HAN BSSM00002913 03/18/2026 1 03/18/2026 Books
    Library of Congress Classification     Non-fiction Business Library (Miotso) Business Library (Miotso) General stacks 03/18/2026   HD1415 .H313 HAN BSSM00002914 03/18/2026 2 03/18/2026 Books
    Library of Congress Classification     Non-fiction Business Library (Miotso) Business Library (Miotso) General stacks 03/18/2026   HD1415 .H313 HAN BSSM00002915 03/18/2026 3 03/18/2026 Books
© 2023-2024 Copyright: Central University Libraries. All Rights Reserved | Created by: Mahone Tech Office